Sociología y economía /
El autor analiza las relaciones entre el concepto de Economía y las doctrinas sociológicas históricamente correspondientes, las cuales fueron frecuentes y profundas y llegaron hasta la edificación de construcciones teóricas socioeconómicas, que los hechos y la crítica científica contemporánea han re...
Gardado en:
| Autor Principal: | |
|---|---|
| Formato: | Texto |
| Materias: | |
| Etiquetas: |
Engadir etiqueta
Sen Etiquetas, Sexa o primeiro en etiquetar este rexistro!
|
MARC
| LEADER | 00000 a a2200000 04500 | ||
|---|---|---|---|
| 001 | 14402 | ||
| 003 | |||
| 040 | |||
| 100 | |a Santoro, Gustavo | ||
| 245 | |a Sociología y economía / |c Gustavo Santoro | ||
| 500 | |a Conferencias dictadas en la Facultad de Ciencias y Letras, 1957 | ||
| 520 | |a El autor analiza las relaciones entre el concepto de Economía y las doctrinas sociológicas históricamente correspondientes, las cuales fueron frecuentes y profundas y llegaron hasta la edificación de construcciones teóricas socioeconómicas, que los hechos y la crítica científica contemporánea han relegado al campo de las "curiosidades anecdóticas" de las respectivas disciplinas. Se realiza un estudio sobre el materialismo histórico |a el sentido económico inmediato y transitorio de la revolución industrial |a el desarrollo de la vida económica dentro de límites y las formas de desarrollo (formas de propiedad, tipos de cambio, formas de producción, división del trabajo, sistemas monetarios, entre otros). Por otro lado se observa el sistema industrial americano y el empleo del sociólogo |a el concepto de mercado |a la teoría general del empleo y de la moneda |a la relación hombre-máquina y la participación colectiva en los standars y los análisis que los rigen. HMBQ/HMBQ | ||
| 650 | |a PUB.IIS | ||
| 650 | |a HISTORIA | ||
| 650 | |a SOCIOLOGIA | ||
| 650 | |a ECONOMIA | ||
| 650 | |a MARXISMO | ||
| 650 | |a INDUSTRIA | ||
| 650 | |a MERCADO | ||
| 650 | |a EMPLEO | ||
| 650 | |a TEORIA | ||
| 773 | |g volumen 1, número 2; páginas 151-163 | ||
| 999 | |c 35662 |d 35662 | ||
